Statistics for Historical Timeline of Russia

Click here to take the quiz!

General Stats

  • This quiz has been taken 58 times
  • The average score is 10 of 17

Answer Stats

YearHintAnswer% Correct
1547Tsardom of R_____Tsardom of Russia
98%
1917S_____ RussiaSoviet Russia
98%
1991R______ FederationRussian Federation
95%
1721R______ EmpireRussian Empire
95%
1922S_____ U____Soviet Union
93%
1283Grand Duchy of M_____Grand Duchy of Moscow
77%
Principality of Nov_____Principality of Novgorod
61%
1136Nov_____ RepublicNovgorod Republic
61%
Principality of Smol____Principality of Smolensk
59%
1238Golden H____Golden Horde
59%
1438Khanate of Ka___Khanate of Kazan
48%
1157Vla_____-SuzdalVladimir-Suzdal
41%
660V____ BulgariaVolga Bulgaria
34%
700Kingdom of Kha_____Kingdom of Khazaria
23%
Principality of Ros___-SuzdalPrincipality of Rostov-Suzdal
23%
900Cum____Cumania
18%
Principality of Mur__-RyazanPrincipality of Murom-Ryazan
9%

Score Distribution

Percentile by Number Answered

Percent of People with Each Score

Your Score History

You have not taken this quiz